| 000 | 00435cam a2200181ua 4500 | ||
|---|---|---|---|
| 020 | _c3.00 | ||
| 041 |
_amal _h |
||
| 082 |
_a894.8124 _bRAM/NO |
||
| 100 | _aRaman, C I . | ||
| 245 |
_aNuthanaprabhandangal / _cC I Raman. _hTextual Documents |
||
| 250 |
_a2 / _b. |
||
| 260 |
_aKottayam : _bVidyarthi Mithram Book Depo , _c1964. |
||
| 300 | _a212 ; . | ||
| 365 | _a3.00 | ||
| 504 | _a | ||
| 942 | _cBK | ||
| 999 |
_c5813 _d5813 |
||